000 00660nam a2200265Ia 4500
005 20260121171354.0
008 008 260114s9999 xx 000 0 eng d
020 _a9783030237448
037 _aEBOOK
040 _aCRL
040 _beng
040 _cCRL
041 _2eng
041 _aeng
084 _qCRL
100 _aIva Novakova, Dirk Siepmann
_91075423
245 0 _aPhraseology and Style in Subgenres of the Novel
260 _bSpringer
260 _bSpringer
260 _c2020
856 _uhttps://link.springer.com/openurl?genre=book&isbn=978-3-030-23744-8
942 _cEBOOK
999 _c1641153
_d1641153